Chinese Food Slideshow Quiz Stats

 Plays Quiz Updated May 14, 2016

Challenge
Share
Tweet
Score 0/20 Timer 10:00
0 Plays Today
% Correct
炒饭 (Fried rice)
91%
饺子 (Jiaozi)
78.3%
蛋卷 (Egg rolls)
75%
春卷 (Spring rolls)
73.6%
捞面 (Lo mein)
72%
馄饨 (Wontons)
70.7%
北京烤鸭 (Peking duck)
68.4%
点心 (Dim sum)
66.5%
蛋花汤 (Egg drop soup)
56.6%
酸辣湯 (Hot and sour soup)
43.6%
% Correct
宫保鸡丁 (Kung Pao chicken)
42.8%
左宗棠鸡 (General Tso's chicken)
42.2%
蟹角 (Crab Rangoons)
36.8%
皮蛋 (Century eggs)
30.4%
月饼 (Mooncakes)
30.3%
粥 (Congee)
26.5%
葱油饼 (Scallion pancake)
25.3%
木须肉 (Moo shu pork)
25.1%
茶葉蛋 (Tea egg)
23.4%
芙蓉蛋 (Egg foo young)
18.6%

You're not logged in!

Compare scores with friends on all Sporcle quizzes.
OR
Log In

You Might Also Like...

Show Comments

Extras

Top Quizzes Today


Score Distribution

Your Account Isn't Verified!

In order to create a playlist on Sporcle, you need to verify the email address you used during registration. Go to your Sporcle Settings to finish the process.

Report this User

Report this user for behavior that violates our Community Guidelines.

Details: